Дело по письму поверенного в делах Виртембергского двора, о даровании Королевской библиотеке в Стутгарде некоторых изданий Импер...

Доступно только в Электронных читальных залах Найти на картеНа карте
RUSMARC
00003925nmc2a22000003x 450
0015d75988b-c502-4069-89ac-ed14a35800d2
00520180615130912.0
100##$a20160318l18631863k l0rusy0189 ca
1010#$arus
$afre
102##$aRU
2001#$aДело по письму поверенного в делах Виртембергского двора, о даровании Королевской библиотеке в Стутгарде некоторых изданий Императорского Археологического общества и Археографической комиссии
$j20 июня - 6(18) сентября 1863 г.
251##$cДело
300##$aНа русском и французском языках
801#0$aRU
$bРГИА
$c20160318
$gRCR
801#1$aRU
$bГлавНИВЦ
$c20160318
$2rusmarc
801#2$aRU
$bПБ им. Б.Н. Ельцина
$c20180615
$gRCR
$2rusmarc
850##$aРГИА
852##$aРГИА
$eФедеральное казенное учреждение "Российский государственный исторический архив" (РГИА)
$j51
937##$hРГИА
$d12192120
$aASBIBLIO_SCAN
462#0$1001bddc07d4-03e3-4f2f-a715-f0b0b4a2fdca
$12001
$aДела по ученым учреждениям Департамента народного просвещения за 1863-1895 гг.
$1251
$cОпись
$1852
$j142
461#0$1001a74412a3-3cc5-4d21-8f0a-dfe2fbd9e72d
$12001
$aДепартамент народного просвещения Министерства народного просвещения (1803-1917)
$1251
$cФонд
$1852
$j733
215##$a8 л.
$d36,5х26 см
$cплан.; фото
371##$aДокумент не является опубликованным и широко распространяемым
105##$aea##
1222#$ad
035##$a5d75988b-c502-4069-89ac-ed14a35800d2
856##$uhttp://readingroom.main.prlib.ru/item.aspx?id_node=n116056499&mode=full
Формат отображения